000 00608nam a2200205Ia 4500
005 20250923144640.0
008 008 250917s9999 xx 000 0 eng d
037 _aTextual
040 _aDSWL
_beng
_cDSWL
041 _aeng
_2eng
084 _aY15:R421, H3
_qDSWL
100 _aHollis, Florence
_9826983
245 0 _aWomen in Marital conflict, A casework study
_cby Florence Hollis
260 _aNew York
_bFamily Service Association of America
_c1949
300 _a236p.
365 _aUSD
_b4
925 _g4
942 _cTEXL
_hY15:R421, H3
999 _c1441600
_d1441600